<Le> rôle de la chambre du commerce international dans les échanges diplomová práca

Salvato in:
Dettagli Bibliografici
Autore principale: Kaščáková, Barbora
Ente Autore: Ekonomická univerzita v Bratislave. Ústav medzinárodných programov
Altri autori: Přívara, Andrej, 1983-
Natura: Libro
Lingua:francese
Pubblicazione: Bratislava 2012
Tags: Aggiungi Tag
Nessun Tag, puoi essere il primo ad aggiungerne!!

MARC

LEADER 00000nam$a2200000$$$4500
001 0157549
005 20240318114949.2
041 0 |a fre 
044 |a SK 
245 1 0 |a <Le> rôle de la chambre du commerce international dans les échanges  |b diplomová práca  |c Barbora Kaščáková ; školiteľ: Andrej Přívara 
264 1 |a Bratislava  |c 2012 
300 |a 50 s. 
100 1 |a Kaščáková, Barbora 
700 1 |a Přívara, Andrej, 1983- 
710 2 |a Ekonomická univerzita v Bratislave. Ústav medzinárodných programov